000 00418nam a2200145 a 4500
001 000002424
005 20200929150208.0
008 090702s2001 sp 000 0 spa d
020 _a8489384304
040 _aDO-SdBNP
_bspa
_cBNPHU
082 _axxxx
_bE24l
245 0 0 _aLa educación lectora :
_bencuentro iberoamericano.
260 _aMadrid :
_bFundación Germán Sánchez Ruipérez,
_c2001.
300 _a205p. ;
_c23cm.
999 _c2260
_d2260